Using Mis/ (Record no. 172443)

MARC details
000 -LEADER
fixed length control field 00592nam a22002057a 4500
005 - DATE AND TIME OF LATEST TRANSACTION
control field 20200205143719.0
010 ## - LCCN (DPL NO)
LC control number ENG-127645
020 ## - INTERNATIONAL STANDARD BOOK NUMBER
International Standard Book Number 9789353433802
Terms of availability 785.00
035 ## - SYSTEM CONTROL NUMBER
System control number EN-111177
037 ## - SOURCE OF ACQUISITION
Source of stock number/acquisition DBAD/PUB
082 ## - DEWEY DECIMAL CLASSIFICATION NUMBER
Classification number 658.4038011
100 ## - MAIN ENTRY--PERSONAL NAME
Personal name Kroenke,David M.
245 ## - TITLE STATEMENT
Title Using Mis/
Remainder of title by David M. Kroenke
250 ## - EDITION STATEMENT
Edition statement 10th
260 ## - PUBLICATION, DISTRIBUTION, ETC. (IMPRINT)
Place of publication, distribution, etc Noida
Name of publisher, distributor, etc Pearson
Date of publication, distribution, etc 2019
270 ## - ADDRESS
City Noida
Address 15th floor,Tower-B,World Trade Tower,plot no.1,Block-c,sector 16
Postal code 201301
300 ## - PHYSICAL DESCRIPTION
Extent 254p.
Other physical details 28cm(pbk)
500 ## - GENERAL NOTE
General note includes index
942 ## - ADDED ENTRY ELEMENTS (KOHA)
Source of classification or shelving scheme Dewey Decimal Classification
Item type English Books
Classification part 658.4038011
Call number suffix KRO
Holdings
Withdrawn status Lost status Not for loan Collection code Home library Current library Date acquired Source of acquisition Cost, normal purchase price Full call number Barcode Copy number Cost, replacement price Koha item type
      Non-fiction Sarojini Nagar Sarojini Nagar 05/02/2020 DBAD/PUB 785.00 658.4038011 KRO EN-111177 1 785.00 English Books

© Delhi Public Library
Hit Counter
free hit counter